000 00904nam a22003017a 4500
003 CHAP
005 20220329135148.0
008 971013s1964 r 00010 d
010 _a31925
011 _a32897
035 _a37012
040 _cCHAP
090 _aFolleto 955
100 0 0 _aNeurath, Hans.
_980944
245 _aProtein-digesting enzymes
260 _aSan Francisco :
_bFreeman,
_c1964
300 _a(13) p.
_b: ilus.
490 _aScientific American Offprints
_v; 198
500 _a"Reprinted from Scientific American. December 1964
590 _aBATCH-UPD
_b10
_c20130110
_lUCH01
_h0015
590 _aBATCH-UPD
_b10
_c20130110
_lUCH01
_h1403
590 _aCONVERSION
_b10
_c20130109
_lUCH01
_h1318
650 1 4 _aEnzimas.
_937195
830 0 _aScientific American Offprints
_v; 198
_9103328
901 _aBK
942 _cFOLL
949 _aFolleto 955
_bBC
_cFOLL
_d-84975
_eTS1
_i37012
_si
999 _c31925
_d31925